Tratado de construcción / (Record no. 30021)

MARC details
000 -LEADER
fixed length control field 00745nam a22002177a 4500
005 - DATE AND TIME OF LATEST TRANSACTION
control field 20180817083722.0
008 - FIXED-LENGTH DATA ELEMENTS--GENERAL INFORMATION
fixed length control field 120322t sp ||||| |||| 00| 0 spa d
020 ## - INTERNATIONAL STANDARD BOOK NUMBER
International Standard Book Number 9788925222580
050 04 - LIBRARY OF CONGRESS CALL NUMBER
Classification number TH145
Item number S36 2009
100 1# - MAIN ENTRY--PERSONAL NAME
Personal name Schmitt, Heinrich.
240 10 - UNIFORM TITLE
Uniform title Hochbaukonstruktion.
Language of a work Español.
245 10 - TITLE STATEMENT
Title Tratado de construcción /
Statement of responsibility, etc Heinrich Schmitt, Andreas Heene ; traducción Herbert Bayer.
250 ## - EDITION STATEMENT
Edition statement 8a ed.
Remainder of edition statement revisada y ampliada
260 ## - PUBLICATION, DISTRIBUTION, ETC. (IMPRINT)
Place of publication, distribution, etc Barcelona, España :
Name of publisher, distributor, etc Editorial Gustavo Gili,
Date of publication, distribution, etc 2009.
300 ## - PHYSICAL DESCRIPTION
Extent xxvi, 709 p. :
Other physical details il. ;
Dimensions 30 cm.
504 ## - BIBLIOGRAPHY, ETC. NOTE
Bibliography, etc Incluye bibliografía e índice.
650 #7 - SUBJECT ADDED ENTRY--TOPICAL TERM
Source of heading or term lemb
Topical term or geographic name as entry element Construcción
General subdivision Tratados
700 1# - ADDED ENTRY--PERSONAL NAME
Personal name Heene, Andreas,
Relator term autor
700 1# - ADDED ENTRY--PERSONAL NAME
Personal name Bayer, Herbert,
Relator term traductor
942 ## - ADDED ENTRY ELEMENTS (KOHA)
Source of classification or shelving scheme Biblioteca del Cogreso de los Estados Unidos
Koha item type Libro
Holdings
Estado de pérdida Fuente de clasificación Estado del daño No para préstamo Ubicación permanente Ubicación actual Apartado o colección Fecha de adquisición Edición Dependencia de educación superior (DES) Área del conocimiento Clasificación Código de Barras Date last seen Número de copia Tipo de recurso
  Biblioteca del Cogreso de los Estados Unidos     Biblioteca de la Facultad de Arquitectura Biblioteca de la Facultad de Arquitectura Consulta 22/03/2012 8a ed. Ingeniería y Arquitectura Ingeniería y Tecnología TH145 S36 2009 BFA000000043 22/03/2012 1 Libro
  Biblioteca del Cogreso de los Estados Unidos     Biblioteca de la Facultad de Arquitectura Biblioteca de la Facultad de Arquitectura Consulta 22/03/2012 8a ed. Ingeniería y Arquitectura Ingeniería y Tecnología TH145 S36 2009 BFA000000044 16/01/2015 2 Libro
  Biblioteca del Cogreso de los Estados Unidos     Biblioteca de la Facultad de Arquitectura Biblioteca de la Facultad de Arquitectura Consulta 22/03/2012 8a ed. Ingeniería y Arquitectura Ingeniería y Tecnología TH145 S36 2009 BFA000000045 16/01/2015 3 Libro